| 000 | 00681nam a2200241 a 4500 | ||
|---|---|---|---|
| 001 | 000045483 | ||
| 003 | DO-SdBNP | ||
| 005 | 20180328095919.0 | ||
| 007 | 000045483 | ||
| 008 | 150409s2008 dr a 000 0 spa d | ||
| 020 | _a9789945002904 | ||
| 040 |
_aBPMET _bspa _cBPMET |
||
| 100 | 1 | _aDamiron, Anya | |
| 245 | 1 | 0 |
_aNiña imaginación / _aAnya Damirón ; ilustrado Pablo Pino. |
| 260 |
_aSanto Domingo : _bLucia Stores, _c2008. |
||
| 300 |
_a[26] p. : _bil. ; _c20 cm. |
||
| 490 | 1 | _aLucia Stores | |
| 700 | 1 |
_aPino, Pablo _eil. |
|
| 830 | 0 | _aLucia Stores | |
| 942 |
_2ddc _cBK |
||
| 945 | _aRemanejado para la BNPHU / 2018 VM | ||
| 956 |
_aVMATEO _b10 _c20150413 _lBPMSU _h1159 |
||
| 999 |
_c7614 _d7614 |
||